[Event "Slask-ch Bak Memorial"]
[Site "Chorzow"]
[Date "2016.09.21"]
[Round "7"]
[White "Hryn, Zofia"]
[Black "Mokrzycki, Jan"]
[Result "1-0"]
[WhiteElo "1433"]
[BlackElo "1707"]
[PlyCount "43"]
[EventDate "2016.09.17"]
[EventType "swiss"]
[EventRounds "9"]
[EventCountry "POL"]
[SourceTitle "EXT 2018"]
[Source "ChessBase"]
[SourceDate "2017.10.13"]
[SourceVersion "1"]
[SourceVersionDate "2017.10.13"]
[SourceQuality "1"]

1. c4 Nf6 2. Nc3 g6 3. d4 Bg7 4. e4 d6 5. f3 0-0 6. Be3 Nbd7 7. Qd2 e5 8. d5 Nh5 9. g4 Nf4 10. 0-0-0 h5 11. Bxf4 exf4 12. gxh5 g5 13. h4 gxh4 14. Qxf4 Bxc3 15. bxc3 Qf6 16. Qxf6 Nxf6 17. Rxh4 Kh8 18. Ne2 Rg8 19. Rf4 Nxh5 20. Rh4 Kh7 21. Rxh5+ Kg6 22. Nf4+ 1-0

[Event "Zabrze Region-ch"]
[Site "Zabrze"]
[Date "2010.12.08"]
[Round "6.6"]
[White "Mokrzycki, Jan"]
[Black "Gwozdzik, Zbigniew"]
[Result "0-1"]
[WhiteElo "1755"]
[BlackElo "1885"]
[PlyCount "88"]
[EventDate "2010.12.08"]
[EventType "swiss"]
[EventRounds "9"]
[EventCountry "POL"]
[SourceTitle "EXT 2023"]
[Source "ChessBase"]
[SourceDate "2022.10.05"]
[SourceVersion "1"]
[SourceVersionDate "2022.10.05"]
[SourceQuality "1"]

1. e4 Nf6 2. e5 Nd5 3. d4 d6 4. Nf3 dxe5 5. dxe5 Nc6 6. Bb5 Bg4 7. Bxc6+ bxc6 8. h3 Bd7 9. c4 Nb6 10. b3 e6 11. 0-0 Be7 12. Nc3 0-0 13. Qc2 f5 14. Rd1 Qe8 15. Bf4 c5 16. Nb5 Bxb5 17. cxb5 Qxb5 18. Bg5 Bxg5 19. Nxg5 Rae8 20. Rac1 c4 21. f4 cxb3 22. Qxb3 Qxb3 23. axb3 h6 24. Nf3 Nd5 25. g3 Rb8 26. Nd4 Kf7 27. Nxe6 Kxe6 28. Rc6+ Kd7 29. Rdc1 Rb6 30. R6c5 c6 31. Re1 Re8 32. Rec1 Rc8 33. Kf2 Rb5 34. e6+ Kd8 35. Rxc6 Rxc6 36. Rxc6 Ke7 37. Ra6 Rb7 38. Ke2 Nb4 39. Ra4 Kxe6 40. Kd2 g5 41. Kc3 gxf4 42. gxf4 Kd5 43. Ra1 Ke4 44. Rf1 Nd5+ 0-1

[Event "Zabrze Spring op"]
[Site "Zabrze"]
[Date "2007.05.25"]
[Round "4"]
[White "Mokrzycki, Jan"]
[Black "Czornik, Adam"]
[Result "0-1"]
[WhiteElo "1789"]
[BlackElo "1737"]
[PlyCount "44"]
[EventDate "2007.05.22"]
[EventType "swiss"]
[EventRounds "10"]
[EventCountry "POL"]
[SourceTitle "EXT 2011"]
[Source "ChessBase"]
[SourceDate "2010.11.26"]
[SourceVersion "1"]
[SourceVersionDate "2010.11.26"]
[SourceQuality "1"]

1. e4 e6 2. d4 d5 3. Nc3 Nf6 4. Bg5 Be7 5. e5 Nfd7 6. h4 Bxg5 7. hxg5 Qxg5 8. Nf3 Qe7 9. Bd3 f5 10. Nh4 Qf7 11. Qf3 Nb6 12. g4 g5 13. Ng2 f4 14. 0-0-0 Nc6 15. Qh3 h6 16. Qh5 Kf8 17. Qxf7+ Kxf7 18. Rh5 Bd7 19. Rdh1 Kg7 20. Nb5 Nb4 21. Nxc7 Nxd3+ 22. cxd3 Rac8 0-1